| 000 | 00471nam a2200145 4500 | ||
|---|---|---|---|
| 082 | _aMSIT-15 MAR | ||
| 100 | _aMarriam Ghaffar | ||
| 245 | _aCluster based analysis of digital forensic investigation | ||
| 260 |
_aIslamabad _bNUST-SEECS _c2018 |
||
| 300 |
_a46p. _eCD Includes |
||
| 856 | _uhttp://10.250.8.41:8080/xmlui/handle/123456789/17318 | ||
| 942 |
_2ddc _cTHE |
||
| 999 |
_c356207 _d356207 |
||